Les 7 péchés capitaux en latin - Statistiques

Statistiques générales
  • Ce quiz a été pris 52 fois
  • Le résultat moyen est 6 sur 7
Statistiques - réponses
Hint Réponse % Correct
luxuria luxure
100%
avaritia avarice
96%
gula gourmandise
84%
ira colère
82%
invidia envie
70%
superbia orgueil
64%
acedia paresse
62%
Aucun quiz correspondant
Distribution des résultats
% des personnes avec chaque résultat
Percentile par nombre de réponses
Votre historique - résultats
Vous n’avez pas pris ce quiz